Mini encyclopedia (Record no. 1138)
[ view plain ]
| 000 -LEADER | |
|---|---|
| fixed length control field | 02173nam a22002657a 4500 |
| 005 - DATE AND TIME OF LATEST TRANSACTION | |
| control field | 20251013160546.0 |
| 020 ## - INTERNATIONAL STANDARD BOOK NUMBER | |
| International Standard Book Number | 9781782094463 |
| 040 ## - CATALOGING SOURCE | |
| Original cataloging agency | FISKH |
| Language of cataloging | eng |
| Transcribing agency | FISKH |
| Modifying agency | FISKH |
| 050 ## - LIBRARY OF CONGRESS CALL NUMBER | |
| Classification number | GC21.O23 |
| 082 ## - DEWEY DECIMAL CLASSIFICATION NUMBER | |
| Classification number | 551.4603 |
| 100 ## - MAIN ENTRY--PERSONAL NAME | |
| Personal name | Kelly, Miles |
| 245 ## - TITLE STATEMENT | |
| Title | Mini encyclopedia |
| Remainder of title | Oceans |
| Statement of responsibility, etc. | Miles Kelly |
| 250 ## - EDITION STATEMENT | |
| Edition statement | This edition published in 2014. |
| 260 ## - PUBLICATION, DISTRIBUTION, ETC. | |
| Place of publication, distribution, etc. | Essex : |
| Name of publisher, distributor, etc. | Miles Kelly Publishing |
| Date of publication, distribution, etc. | 2009. |
| 300 ## - PHYSICAL DESCRIPTION | |
| Extent | 384 pages : |
| Other physical details | color illustrations ; |
| Dimensions | 17 cm. |
| 505 ## - FORMATTED CONTENTS NOTE | |
| Formatted contents note | K |
| 520 ## - SUMMARY, ETC. | |
| Expansion of summary note | Mini Encyclopedia Oceans is the mini book crammed with masses of knowledge about the watery world. This compact, comprehensive children's encyclopedia uses clear, bulleted facts and incredible info panels to explain everything from marine life and climate change to diving and boats. Every topic is supported by photographs, realistic artwork and detailed diagrams, and color-coded sections make navigation through the topics easy and quick. The ultimate ocean book for kids, Mini Encyclopedia Oceans is small enough to slot into school bags, making this a fantastic resource for school projects and homework at upper elementary and middle school key levels. Chapters and topic examples of Mini Encyclopedia Oceans: # Ocean features: Coastlines, Ocean floor, Polar life, Fossil fuels, Oil spills and Whaling# Ocean life: Marine life, Coral reefs, Jellyfish, Penguins, Dolphins, Blue whale# Exploration and travel: Marco Polo, Sir Francis Drake, Voyages to Australia, Tankers, Luxury liners, Shipwrecks Amazing facts for kids to enjoy: # Long Beach is the world's longest beach. It is located along the southwest coast of Washington, the capital of the United States. This beach stretches for a record 45 km.# The stinging hydroid coral found in the Indian and Pacific oceans uses special chemicals to paralyze plankton, which forms a major part of its diet.# Pressurized submersibles are designed to operate in very deep waters. They can withstand the high pressure near the seabed. |
| 521 ## - TARGET AUDIENCE NOTE | |
| Target audience note | 610 <br/> |
| Source | Lexile estimate |
| 521 ## - TARGET AUDIENCE NOTE | |
| Target audience note | K <br/> |
| Source | Raz-Plus |
| 650 ## - SUBJECT ADDED ENTRY--TOPICAL TERM | |
| Source of heading or term | oceans |
| 650 ## - SUBJECT ADDED ENTRY--TOPICAL TERM | |
| Source of heading or term | encyclopedia |
| 650 ## - SUBJECT ADDED ENTRY--TOPICAL TERM | |
| Source of heading or term | children's encyclopedia |
| 942 ## - ADDED ENTRY ELEMENTS (KOHA) | |
| Source of classification or shelving scheme | Dewey Decimal Classification |
| Koha item type | Books |
| Suppress in OPAC | No |
| 999 ## - | |
| -- | 1138 |
| -- | 1138 |
| Withdrawn status | Lost status | Source of classification or shelving scheme | Damaged status | Not for loan | Collection | Home library | Current library | Shelving location | Date acquired | Total Checkouts | Full call number | Barcode | Date last seen | Date last checked out | Copy number | Price effective from | Koha item type |
|---|---|---|---|---|---|---|---|---|---|---|---|---|---|---|---|---|---|
| Dewey Decimal Classification | Non-Fiction | Footprints International School Library Network Toul Kork Campus | Footprints International School Library Network Toul Kork Campus | Librarian's Shelf TK | 08/03/2023 | 1 | MEL 551.4603 GC21.023 | 2023-0171 | 05/20/2025 | 03/13/2025 | 1 | 08/03/2023 | Books | ||||
| Dewey Decimal Classification | Non-Fiction | Footprints International School Library Network Toul Kork Campus | Footprints International School Library Network Toul Kork Campus | Librarian's Shelf TK | 08/03/2023 | MEL 551.4603 GC21.023 | 2023-0172 | 08/03/2023 | 2 | 08/03/2023 | Books | ||||||
| Dewey Decimal Classification | Non-Fiction | Footprints International School Library Network Toul Kork Campus | Footprints International School Library Network Toul Kork Campus | Librarian's Shelf TK | 08/03/2023 | MEL 551.4603 GC21.023 | 2023-0173 | 08/03/2023 | 3 | 08/03/2023 | Books | ||||||
| Dewey Decimal Classification | Non-Fiction | Footprints International School Library Network Toul Kork Campus | Footprints International School Library Network Toul Kork Campus | Librarian's Shelf TK | 10/13/2025 | MEL 551.4603 GC21.023 | 2025-4566 | 10/13/2025 | 4 | 10/13/2025 | Books |
